000 00356nam a22000977a 4500
999 _c2755
_d2755
008 180616b ||||| |||| 00| 0 eng d
100 _aSiegel, Robert
245 _aImperial Russia and Zemstvo Postage Stamps and Covers. The Robert W. Baughman Collection
260 _bRobert A. Siegel, Sale 392 PR
_c1971
650 _aRussia, | Locals and Private Posts, | Zemstvo